00650nam a2200157Ia 4500008004100000020001800041100001800059245010100077260002200178440003100200650001700231650010700248856004500355999001900400952007300419171212s9999 xx 000 0 und d a9781921536106 aRajah, Ananda cRajah, AnandaaRemaining KarenbA Study of Cultural Reproduction and the Maintenance of Identity bANU E Pressc2008 aMonographs in Anthropology aAnthropology aSgaw Karen (Southeast Asian people) -- Ethnic identity; Ethnology -- Thailand -- Chiang Mai (Province) uwww.jstor.org/stable/10.2307/j.ctt24h2pw c351293d351293 001040aCLbCLd2017-12-12l0r2017-12-12 00:00:00w2017-12-12yCBE